000 01270nam a22003497a 4500
003 CHAP
005 20220329140854.0
008 971013s1995 r 00010 d
010 _a59044
011 _a60016
035 _a64176
040 _cCHAP
090 _aTesis
100 0 0 _aAlvarado Chávez, Miguel.
_94767
245 _aAgrosilvicultura y etnobotánica de la vainilla (Vanilla planifolia Andrews) en el municipio de Venustiano Carranza, Puebla
260 _aChapingo, Méx. :
_bEl autor,
_c1995
300 _a61 h.
_b: ilus.
502 _aTesis (Ing. Forestal con orientación en Economía y Ordenación) -- UACH. Divición de Ciencias Forestales
590 _aALEPH
_b10
_c20130110
_lUCH01
_h1337
590 _aBATCH-UPD
_b10
_c20130110
_lUCH01
_h0620
590 _aBATCH-UPD
_b10
_c20130410
_lUCH01
_h0302
590 _aBATCH-UPD
_b10
_c20130913
_lUCH01
_h2207
590 _aCONVERSION
_b10
_c20130109
_lUCH01
_h1332
650 1 4 _aAgroforestería.
_92156
650 1 4 _aEtnobotánica
_xPuebla.
_938632
650 1 4 _aVainilla
_zPuebla.
_9117210
650 1 4 _aVanilla planifolia.
_9117887
901 _aBK
942 _cFOLL
949 _aTESIS
_bBC
_cTES
_d33724002063660
_eTS2
_fc.2
_gDonaciØn
_h28653
_i64176
_si
949 _bBC
_cTES
_d-139860
_eTS1
_h28652
_i64176
_si
999 _c59044
_d59044